| 000 | 02161nam a2200433 c 4500 | ||
|---|---|---|---|
| 003 | BLK | ||
| 005 | 20250118142032.0 | ||
| 008 | 180408b bul|||||r ||||||| ||bul|| | ||
| 010 | _aKNG00061254000 | ||
| 040 | _aBLK | ||
| 041 |
_aBUL _cBUL |
||
| 080 |
_aСпециална библиография _b016 _x:949.72.042.1 _z016:949.72.042.1 |
||
| 080 |
_aНационалнореволюционно движение (1856-1869) _b94(497.2)"1856/1869" _x(01) _z94(497.2)"1856/1869"(01) |
||
| 700 | 1 |
_aОманова, Румяна Ташева _eсъстав. _9287473 |
|
| 700 | 1 |
_aКовачев, Велчо Вълков _eред. _9369463 |
|
| 139 |
_aОманова, Румяна Ташева _bО 53 |
||
| 245 | 1 | 0 |
_aХаджи Димитър, Стефан Караджа и обединената им чета от 1868 г. _bБиблиогр. указ. _cсъстав. Румяна Ташева Оманова; ред. Велчо Вълков Ковачев. |
| 257 | _aBGR | ||
| 260 |
_аСофия _bООФ Булгаринтерпред _c1990 _fЯмбол : Абагар |
||
| 300 |
_a184 с., 4 л. _bил. _c20 см |
||
| 380 | _a0 | ||
| 500 | _aСъдържа: Тематичен показалец на литературата за Хаджи Димитър, Стефан Караджа и четата им от 1868 ; Геогр. показалец ; Показалец на имената. | ||
| 650 | 0 |
_aБългария - история - биографии _9266868 |
|
| 650 | 4 |
_aХайдути, български _9257116 |
|
| 650 | 4 |
_aНационалноосвободително движение - България - дейци _9243361 |
|
| 653 | _aнационално освобождение | ||
| 653 | _aдейци | ||
| 653 | _aбиблиография | ||
| 653 | _aбиблиографски указатели | ||
| 653 | _aХаджи Димитър | ||
| 653 | _aСтефан Караджа | ||
| 653 | _aчетници | ||
| 852 | _aЦб 166892 | ||
| 856 | 4 |
_qpdf _u |
|
| 856 | 4 |
_qpdf _u |
|
| 942 |
_cKNG _n0 |
||
| 944 |
_aCR _c13.06.2004 _k30560 _lГеновева Генчева |
||
| 944 |
_aED _c11.02.2013 _k |
||
| 999 |
_c57259 _d57259 |
||